00337nam a2200133Ia 4500008004100000041000800041082001800049100001900067245003100086260004300117300001200160650001200172650001900184210719s1893 xx 000 0 und d aeng a954.0296 HUNR aMALLESON (G B) aRulers of India:Lord Clive aLondonbOxford University Pressc1893 a247bHB aHistory aIndian History